00480nam a2200169Ia 450000500170000000800410001702000150005808200130007310000140008624500210010026000400012130000190016165000100018094200060019095200990019699900150029520250430031405.0240331s9999 xx 000 0 und d a9552048540 bRAMa891 aRamlane,P 0aGigiri wale kavi aColombobS. Godake & Brothersc2001 a84 p ., ( C 4) aPoems cL 001040708LaWERCLbWERCLcSSCd2024-03-31l0o 894.811 RAMp6192r2024-03-31w2024-03-31yL c5628d5628